Pays bordant la mer Rouge - Statistiques

Statistiques générales
  • Ce quiz a été pris 36 fois
  • Le résultat moyen est 6 sur 7
Statistiques - réponses
Pays % Correct
Égypte
100%
Arabie saoudite
97%
Yémen
94%
Israël
86%
Érythrée
74%
Jordanie
74%
Soudan
71%
Aucun quiz correspondant
Distribution des résultats
% des personnes avec chaque résultat
Percentile par nombre de réponses
Votre historique - résultats
Vous n’avez pas pris ce quiz